000 00391nam a22001577a 4500
003 OSt
008 230522b |||||||| |||| 00| 0 eng d
041 _aeng
082 _a658.404
_bKER/PR
100 _aKerzner, Harold
_95473
245 _aProject Management
_ba systems approach to planning, scheduling, and controlling
250 _a13
260 _bwiley
300 _a854
942 _cBK
999 _c17705
_d17705